• 首页
  • 本馆介绍
  • 公告通知
  • 最新文献
  • 馆藏检索
  • 电子资源
  • 读者导购
  • 参考咨询
  • 我的图书馆
  • 登录
  • 详细信息显示
  • 放入我的书架
  • 预约/预借图书
  • 作者相关作品
  • 分类相关作品
  • 丛书相关作品
  • 出版社相关作品

书目信息

  • 表格格式
  • 工作单格式
  • 卡片格式
题名:
体育新闻摄影教程
    
 
作者: 贺幸辉,陈志生,惠悲荷编著
分册:  
出版信息: 北京   北京体育大学出版社  2015
页数: 247页
开本: 26cm
丛书名:
单 册:
中图分类: J419.1 , J419.1
科图分类:
主题词: 体育摄影--新闻摄影--教材 , 摄影技术--普及读物 , 摄影艺术--各种
电子资源:
ISBN: 978-7-5644-1897-7
000 01370nam0 2200301 450
001 1633315648
005 20160405091805.81
010    @a978-7-5644-1897-7@dCNY80.00
096    @aJ41@bhxh
100    @a20160302d2015 em y0chiy50 ea
101 0  @achi
102    @aCN@b110000
105    @aa z 000yy
106    @ar
200 1  @a体育新闻摄影教程@b专著@f贺幸辉,陈志生,惠悲荷编著
210    @a北京@c北京体育大学出版社@d2015
215    @a247页@c图@d26cm
300    @a高等教育体育学教材
312    @a封面英文题名:Sports photojournalism
330    @a本教材充分尊重体育新闻自身的特点和传播规律,避免使用传统新闻摄影的框架来套用体育的内容,而是在体育、新闻与摄影三者之间寻找交叉点,使整本教材能够同体育新闻理论、体育新闻写作、体育新闻采访、体育新闻评论等课程一脉相承,形成一个完整的课程体系。为了能够兼顾本教材的实用性与理论性,编写人员采取了科研与教学相结合的思路,通过实地调研和访谈,获得第一手资料,并在此基础上梳理出中国体育新闻摄影的历史沿革、报道理念和报道手法,形成一个理论与实践相结合的完整知识体系。此外,为了能够增加本教材的可读性和直观性,本教材不仅对
510 1  @aSports photojournalism@zeng
606 0  @a体育摄影@x新闻摄影@j教材
606 0  @a摄影技术@x普及读物
606 0  @a摄影艺术@x各种
690    @aJ419.1@v5
690    @aJ419.1@v4
801  0 @aCN@b大连网信软件有限公司图书馆·11@c20160405
905    @aZUCC@dJ419.1@et7
    
    体育新闻摄影教程/贺幸辉,陈志生,惠悲荷编著 .-北京:北京体育大学出版社,2015
    247页:图;26cm
    高等教育体育学教材
    
    ISBN 978-7-5644-1897-7:CNY80.00
    本教材充分尊重体育新闻自身的特点和传播规律,避免使用传统新闻摄影的框架来套用体育的内容,而是在体育、新闻与摄影三者之间寻找交叉点,使整本教材能够同体育新闻理论、体育新闻写作、体育新闻采访、体育新闻评论等课程一脉相承,形成一个完整的课程体系。为了能够兼顾本教材的实用性与理论性,编写人员采取了科研与教学相结合的思路,通过实地调研和访谈,获得第一手资料,并在此基础上梳理出中国体育新闻摄影的历史沿革、报道理念和报道手法,形成一个理论与实践相结合的完整知识体系。此外,为了能够增加本教材的可读性和直观性,本教材不仅对
●
相关链接 在E读中查询图书 在五车中查询图书 在当当中查询图书 在豆瓣中查询图书


正题名:体育新闻摄影教程     索取号:J419.1/t7         预约/预借

序号 登录号 条形码 馆藏地/架位号 状态 备注
1 6940535   269405351   密集书库-体育系/ [索取号:J419.1/t7] 在馆    
2 6940536   269405360   密集书库-体育系/ [索取号:J419.1/t7] 在馆    
3 6940537   269405379   密集书库-体育系/ [索取号:J419.1/t7] 在馆    
4 6940538   269405388   密集书库-体育系/ [索取号:J419.1/t7] 在馆    
唐山师范学院图书馆 欢迎您!
大连网信软件有限公司© 版权所有